Organic spectroscopy
Պահպանված է:
| Հիմնական հեղինակ: | |
|---|---|
| Ձևաչափ: | Գիրք |
| Լեզու: | անգլերեն |
| Հրապարակվել է: |
Ane books
2020
|
| Ցուցիչներ: |
Ավելացրեք ցուցիչ
Չկան պիտակներ, Եղեք առաջինը, ով նշում է այս գրառումը!
|
MARC
| LEADER | 00000nam a22000007a 4500 | ||
|---|---|---|---|
| 008 | 210907b ||||| |||| 00| 0 eng d | ||
| 020 | |a 9789389212341 | ||
| 100 | |a AHLUWALIA, V.K. | ||
| 245 | |a Organic spectroscopy |c V.K. Ahluwalia |g xii, 270p; ill | ||
| 250 | |b 2nd | ||
| 260 | |b Ane books |c 2020 |h New Delhi |i 696984 |i 696985 |l QD272.Ah4 |m Spectrum analysis |m Chemistry, Organic | ||
| 500 | |a it includes index | ||
| 942 | |a lcc |c BK |e Johnson |f 09/08/21 | ||
| 952 | |0 0 |1 0 |2 lcc |4 0 |6 QD0272 A H4 |7 0 |9 3416 |a SL |b HOL |c QZ |d 2021-09-07 |l 0 |o QD272.Ah4 |p 2021-67123 |r 2021-09-07 00:00:00 |w 2021-09-07 |y BK | ||
| 952 | |0 0 |1 0 |2 lcc |4 0 |6 QD0272 A H4 |7 0 |9 3417 |a HOL |b HOL |c QZ |d 2021-09-07 |l 0 |o QD272.Ah4 |p 2021-67124 |r 2021-09-07 00:00:00 |w 2021-09-07 |y BK | ||
| 999 | |c 1703 |d 1703 | ||